MARC details
| 000 -LEADER |
| fixed length control field |
01418naa a22003857u 4500 |
| 001 - CONTROL NUMBER |
| control field |
06861 |
| 003 - CONTROL NUMBER IDENTIFIER |
| control field |
HDC |
| 007 - PHYSICAL DESCRIPTION FIXED FIELD--GENERAL INFORMATION |
| fixed length control field |
cr bn ---aaaaa |
| 008 - FIXED-LENGTH DATA ELEMENTS--GENERAL INFORMATION |
| fixed length control field |
210125s2007 flu eng |
| 040 ## - CATALOGING SOURCE |
| Original cataloging agency |
HDC |
| 100 ## - MAIN ENTRY--PERSONAL NAME |
| Personal name |
Parish, Edward J., |
| Relator term |
author |
| 9 (RLIN) |
7303 |
| 245 #0 - TITLE STATEMENT |
| Title |
FOOD LIPIDS: Chemistry, Nutrition, and Biotechnology : |
| Remainder of title |
Chemistry of Waxes and Sterols / |
| Statement of responsibility, etc. |
by Edward J. Parish, Shengrong Li, and Angela D. Bell ; edited by Casimir C. Akoh and David B. Min |
| 250 ## - EDITION STATEMENT |
| Edition statement |
Third edition |
| 260 ## - PUBLICATION, DISTRIBUTION, ETC. |
| Place of publication, distribution, etc. |
Boca Raton : |
| Name of publisher, distributor, etc. |
CRC Press/Taylor & Francis Group, |
| Date of publication, distribution, etc. |
2007 |
| 300 ## - PHYSICAL DESCRIPTION |
| Extent |
26 pages |
| 336 ## - CONTENT TYPE |
| Content type term |
text |
| Source |
rdacontent |
| 337 ## - MEDIA TYPE |
| Media type term |
computer |
| Source |
rdamedia |
| 338 ## - CARRIER TYPE |
| Carrier type term |
online resource |
| Source |
rdacarrier |
| 500 ## - GENERAL NOTE |
| General note |
Original from book |
| 650 ## - SUBJECT ADDED ENTRY--TOPICAL TERM |
| Topical term or geographic name entry element |
Biotechnology |
| General subdivision |
methods |
| 9 (RLIN) |
7297 |
| 650 ## - SUBJECT ADDED ENTRY--TOPICAL TERM |
| Topical term or geographic name entry element |
Food |
| 9 (RLIN) |
1783 |
| 650 ## - SUBJECT ADDED ENTRY--TOPICAL TERM |
| Topical term or geographic name entry element |
Lipids in human nutrition |
| 9 (RLIN) |
7293 |
| 650 ## - SUBJECT ADDED ENTRY--TOPICAL TERM |
| Topical term or geographic name entry element |
Lipids |
| 9 (RLIN) |
6687 |
| 650 ## - SUBJECT ADDED ENTRY--TOPICAL TERM |
| Topical term or geographic name entry element |
Lipids |
| General subdivision |
Biotechnology |
| 9 (RLIN) |
6456 |
| 650 ## - SUBJECT ADDED ENTRY--TOPICAL TERM |
| Topical term or geographic name entry element |
Lipids |
| General subdivision |
chemistry |
| 9 (RLIN) |
7295 |
| 650 ## - SUBJECT ADDED ENTRY--TOPICAL TERM |
| Topical term or geographic name entry element |
Lipids |
| General subdivision |
Metabolism |
| 9 (RLIN) |
7294 |
| 650 ## - SUBJECT ADDED ENTRY--TOPICAL TERM |
| Topical term or geographic name entry element |
Lipids |
| General subdivision |
physiology |
| 9 (RLIN) |
7296 |
| 650 ## - SUBJECT ADDED ENTRY--TOPICAL TERM |
| Topical term or geographic name entry element |
Nutrition Physiology |
| 9 (RLIN) |
6569 |
| 700 ## - ADDED ENTRY--PERSONAL NAME |
| Personal name |
Akoh, Casimir C., |
| Dates associated with a name |
1955- |
| Relator term |
editor |
| 9 (RLIN) |
7298 |
| 700 ## - ADDED ENTRY--PERSONAL NAME |
| Personal name |
Min, David B., |
| Relator term |
editor |
| 9 (RLIN) |
7299 |
| 856 ## - ELECTRONIC LOCATION AND ACCESS |
| Public note |
Request full-text at [email protected] |
| 942 ## - ADDED ENTRY ELEMENTS (KOHA) |
| Source of classification or shelving scheme |
Library of Congress Classification |
| 942 ## - ADDED ENTRY ELEMENTS (KOHA) |
| Koha item type |
Chapter in Books |
| 942 ## - ADDED ENTRY ELEMENTS (KOHA) |
| Call number prefix |
EBCH 000361 |